| 000 | 01265nam a2200385 a 4500 | ||
|---|---|---|---|
| 001 | vtls000030193 | ||
| 003 | NLI | ||
| 005 | 20210601183234.0 | ||
| 008 | 101125s2001 ii a 001 0 eng | ||
| 020 | _cRs. 180.00 | ||
| 039 | 9 |
_y201011250242 _zVLOAD |
|
| 040 | 0 |
_aNLI _beng _cVERGIS-2003 |
|
| 041 | 0 | _aeng | |
| 044 | _aii | ||
| 082 | 0 | 4 | _a791.43 |
| 100 | 1 |
_aNarahari Rao, H.N. _989285 |
|
| 245 | 1 | 0 |
_aMy days with the film society movement: _bcinema for the people and people for the cinema/ _cH.N. Narahari Rao |
| 260 |
_aBangalore: _bSibina Services, _c2001 |
||
| 300 |
_a351 p.: _bill.; _c22 cm. |
||
| 500 | _aIncludes index | ||
| 504 | _aBibliography: p. 349 | ||
| 600 | 1 | 0 |
_aNarahari Rao, H.N. _989285 |
| 650 | 0 |
_aMotion pictures _xSocial aspects _988731 |
|
| 650 | 0 |
_aMotion picture producers and directors _989286 |
|
| 887 | _aS. Muthiah | ||
| 901 |
_aDB 85989 _b24/07/2002 |
||
| 902 | _aE 791.43 N 164 | ||
| 903 | _a31/03/2004 | ||
| 904 | _aS. Muthiah | ||
| 906 | _a031249 | ||
| 949 |
_AVIRTUAITEM _D10000 _F1 _X100 _6DBA000085989ENG _aE 791.43 N164 |
||
| 942 |
_2ddc _cBKS |
||
| 999 |
_aVIRTUA _c33232 _d33232 |
||
| 999 | _aVTLSSORT0080*0200*0400*0410*0440*0820*1000*2450*2600*3000*5000*5040*6000*6500*6501*8520*9010*9020*9030*9040*9060*9490*9991 | ||